Văn kiện hội nghị lần thứ 11 ban chấp hành trung ương khóa XII : Lưu hành nội bộ

সংরক্ষণ করুন:
গ্রন্থ-পঞ্জীর বিবরন
প্রধান লেখক:  Văn kiện hội nghị lần thứ 11 ban chấp hành trung ương khóa XII : Lưu hành nội bộ
বিন্যাস: Sách
ভাষা:Undetermined
প্রকাশিত:  Văn phòng Trung ương Đảng  2019
বিষয়গুলি:
ট্যাগগুলো: ট্যাগ যুক্ত করুন
কোনো ট্যাগ নেই, প্রথমজন হিসাবে ট্যাগ করুন!
Thư viện lưu trữ: Trung tâm Thư viện - Trường Đại học Công nghiệp TP. Hồ Chí Minh
LEADER 00681nam a2200145Ia 4500
001 UIH_08343
008 241002s9999 xx 000 0 und d
082 |a  324.2597075 
100 |a  Văn kiện hội nghị lần thứ 11 ban chấp hành trung ương khóa XII : Lưu hành nội bộ 
245 0 |a  Văn kiện hội nghị lần thứ 11 ban chấp hành trung ương khóa XII : Lưu hành nội bộ 
260 |b  Văn phòng Trung ương Đảng 
260 |c  2019 
650 |a Đảng Cộng sản Việt Nam 
927 |a Sách 
980 |a Trung tâm Thư viện - Trường Đại học Công nghiệp TP. Hồ Chí Minh